000 00497nam a22001817a 4500
005 20251108164214.0
008 250721s1997 xx 000 0 ara d
082 1 4 _a215.19/خيو
100 1 _aالخيون، رشيد
245 1 0 _aمعتزلة البصرة و بغداد /
264 1 _aلندن :
_bدار الحكمة،
_c1997.
300 _a339ص
650 1 7 _aالمعتزلة
650 1 7 _aالعراق
650 1 7 _aالفرق الإسلامية
942 _2ddc
_cBK
999 _c6336
_d6336